Statistics for Countries with Multiple Words by Initials

Click here to take the quiz!

General Stats

  • This quiz has been taken 77 times
  • The average score is 17 of 20

Answer Stats

Initials Country % Correct
UKUnited Kingdom
99%
NZNew Zealand
99%
USUnited States
99%
DRotCDemocratic Republic of the Congo
94%
NKNorth Korea
93%
SKSouth Korea
89%
VCVatican City
89%
CARCentral African Republic
86%
PNGPapua New Guinea
86%
BFBurkina Faso
86%
TaTTrinidad and Tobago
82%
SSSouth Sudan
81%
RotCRepublic of the Congo
81%
SKaNSaint Kitts and Nevis
79%
NMNorth Macedonia
76%
FSoMFederated States of Micronesia
76%
DRDominican Republic
74%
EGEquatorial Guinea
72%
SMSan Marino
71%
ESEl Salvador
64%

Score Distribution

Percentile by Number Answered

Percent of People with Each Score

Your Score History

You have not taken this quiz